| 000 | 00651nam a2200193 a 4500 | ||
|---|---|---|---|
| 001 | 4214400000006776 | ||
| 005 | 20180204160607.0 | ||
| 008 | 0125s1998----xr ---------u-------cze-d | ||
| 020 |
_a80-7185-179-5 : _c139.00 Kč |
||
| 040 |
_aabg508 _eAACR2 _91 _bcze |
||
| 100 | 1 |
_aŠabach, Petr _4aut |
|
| 245 | 1 | 0 |
_aPutování mořského koně / _cPetr Šabach ; [il. Vladimír Jiránek] |
| 250 | _a2. vyd. | ||
| 260 |
_aLitomyšl : _bHoráček-Paseka, _c1998 |
||
| 300 | _a116 s. | ||
| 653 |
_anovely _arodina _amanželství _avztahy |
||
| 700 | 1 |
_aJiránek, Vladimír _4ill |
|
| 910 | _aabg508 | ||
| 980 |
_d19990125 _t6 _iU Vlachů Kralupy _j3/99 _h139.00 _a132.05 _1421440039339 _nK _zUR |
||
| 999 |
_c14543 _d14543 |
||